00467nam a2200121Ia 4500008004100000100002100041245006000062245005500122650001300177856006300190999001900253952007300272170221s9999 xx 000 0 und d aAndrew Marshall, 4aThe Choice of Debt Source by UK Firms (pages 729–764) cAndrew Marshall, Laura Mccann and Patrick Mccolgan xBusiness uhttp://onlinelibrary.wiley.com/doi/10.1111/jbfa.12194/epdf c307869d307869 001040aCLbCLd2017-02-21l0r2017-02-21 00:00:00w2017-02-21yFOJ